000 00534nam a2200121Ia 4500
008 171212s9999 xx 000 0 und d
020 _a9781922064370
100 _aHarvey, Nick;Fornasiero, Jean;McCarthy, Greg;Macintyre, Clem;Crossin, Carl
245 _cHarvey, Nick;Fornasiero, Jean;McCarthy, Greg;Macintyre, Clem;Crossin, Carl
_aA History of the Faculty of Arts at the University of Adelaide
_b1876-2012
260 _bUniversity of Adelaide Press
_c2012
650 _aHistory
856 _uhttp://jstor.org/stable/10.20851/j.ctt1t30501
999 _c352899
_d352899